Statistics for Euro 2020 Group B - Denmark - Belgium

Click here to take the quiz!

General Stats

  • This quiz has been taken 71 times
  • The average score is 22 of 33

Answer Stats

Player% Correct
Romelu Lukaku
100%
Kevin De Bruyne ¹
98%
Eden Hazard
97%
Thibaut Courtois
97%
Thorgan Hazard ¹
97%
Jan Vertonghen
92%
Kasper Schmeichel
92%
Simon Kjær
89%
Toby Alderweireld
87%
Thomas Meunier
84%
Axel Witsel
81%
Yussuf Poulsen ¹
81%
Andreas Christensen
77%
Roberto Martínez
73%
Yannick Carrasco
73%
Youri Tielemans
73%
Dries Mertens
69%
Jason Denayer
69%
Pierre Højbjerg
66%
Martin Braithwaite
65%
Joakim Mæhle
63%
Thomas Delaney
61%
Mikkel Damsgaard
55%
Leander Dendoncker
50%
Thomas Vermaelen
48%
Jannik Vestergaard
47%
Andreas Skov Olsen
44%
Mathias Jensen
39%
Christian Nørgaard
34%
Daniel Wass
31%
Jens Stryger
31%
Kasper Hjulmand
31%
Andreas Cornelius
24%

Score Distribution

Percentile by Number Answered

Percent of People with Each Score

Your Score History

You have not taken this quiz